000 01367nam a2200181Ia 4500
005 20250602150038.0
008 250326s9999 xx 000 0 und d
020 _a9781529043044
_qpbk
082 _a823.914
_bBLU
100 _aBlume, Judy
245 4 _aThe Pain And The Great One: Wheelies!
250 _a1
260 _bMacmillan
_c2007
_aLONDON
300 _a229 p
520 _aThe Pain and the Great One: Wheelies! is a fun bind-up of the first two books in the hilarious series. In these heart-warming young-fiction stories, Judy Blume perfectly captures what it's like to grow up with a brother or a sister, with gorgeous illustrations by Kate Pankhurst. Jake ('The Pain') and Abigail ('The Great One') may be brother and sister, but they don't always see eye to eye. Abigail thinks that Jake is a massive pain while Jake thinks that Abigail thinks she is sooo great. Whether they are riding bikes, doggie-sitting, having fun at school, getting their hair cut or throwing parties, there's always something for them to argue about. But despite these little disagreements, this pair are always there for each other, sharing in the fun! Wheelies! includes two books in the series, Soupy Saturdays and Cool Zone. The next two books are also available as a bind-up in The Pain and the Great One: Going Places!.
650 _aChildren Books
942 _cENGLISH
999 _c569527
_d569527